书目信息 |
| 题名: |
方法的科学
|
|
| 作者: | 栾玉广 著 | |
| 分册: | ||
| 出版信息: | 合肥 安徽科学技术出版社 1982.05 |
|
| 页数: | 212页 | |
| 开本: | 32开 | |
| 丛书名: | ||
| 单 册: | ||
| 中图分类: | G304 | |
| 科图分类: | ||
| 主题词: | 科学研究--理论 | |
| 电子资源: | ||
| ISBN: | ||
| 000 | 00605nam0 2200205 45 | |
| 001 | 0211220883 | |
| 005 | 20060809113237.40 | |
| 010 | @dCNY0.58 | |
| 091 | @a13200.35 | |
| 100 | @a20021122d1982 km y0chiy0120 ea | |
| 101 | 0 | @achi |
| 200 | 1 | @a方法的科学@AFang Fa De Ke Xue@e探索自然奥秘之路@ETan Suo Zi Ran Ao Mi Zhi Lu@f栾玉广著@FLuan Yu Guang Zhu |
| 210 | @a合肥@c安徽科学技术出版社@d1982.05 | |
| 215 | @a212页@d32开 | |
| 517 | @a探索自然奥秘之路@ATan Suo Zi Ran Ao Mi Zhi Lu | |
| 606 | 0 | @a科学研究@x理论 |
| 690 | @aG304@v3 | |
| 701 | 0 | @a栾玉广@4著 |
| 801 | @aCN@bTSTC@c20060809 | |
| 905 | @dG304@e70 | |
| 方法的科学:探索自然奥秘之路/栾玉广著.-合肥:安徽科学技术出版社,1982.05 |
| 212页;32开 |
| ISBN :CNY0.58 |
| ● |
| 相关链接 |
|
|
|
|
正题名:方法的科学
索取号:G304/70
 
预约/预借
| 序号 | 登录号 | 条形码 | 馆藏地/架位号 | 状态 | 备注 |
| 1 | 0228477 | 001628377 | 第一样本阅览室/ [索取号:G304/70] | 在馆 | |
| 2 | 0442144 | 204421447 | 密集书库/ [索取号:G304/70] | 在馆 | |
| 3 | 0442145 | 204421456 | 密集书库/ [索取号:G304/70] | 在馆 | |
| 4 | 0450023 | 204500236 | 密集书库/ [索取号:G304/70] | 在馆 |